International journal of research in arts and social sciences. (Record no. 38329)

MARC details
000 -LEADER
fixed length control field 00520nam a2200169Ia 4500
022 ## - INTERNATIONAL STANDARD SERIAL NUMBER
ISSN 21418349
050 ## - CALL MARK
Classification number HN 831.I58/
245 #0 - TITLE STATEMENT
Title International journal of research in arts and social sciences.
260 ## - PUBLICATION, DISTRIBUTION, ETC. (IMPRINT)
Place of publication Nsukka, Nigeria
260 ## - PUBLICATION, DISTRIBUTION, ETC. (IMPRINT)
Name of publisher www.academicexellencesociety.com
260 ## - PUBLICATION, DISTRIBUTION, ETC. (IMPRINT)
Year of publication 2018
300 ## - PHYSICAL DESCRIPTION
Number of Pages viii, 349 p. :ill. ; 24 cm.
650 ## - SUBJECT ADDED ENTRY--TOPICAL TERM
Topical Term Arts--Nigeria--Periodicals. Nigeria--Social conditions--Periodicals.
942 ## - ADDED ENTRY ELEMENTS (KOHA)
Koha item type Serials

No items available.